000
00305nam a22001337a 4500
008
170606b xxu||||| |||| 00| 0 eng d
020
_a
0226063119
041
_a
eng
080
_a
94
100
_a
18
101
_a
SHH
245
_a
FREAK SHOW PRESENTING HUMAN ODDITIES
_c
BOGDAN .R
942
_2
udc
_c
BK
999
_c
16121
_d
16121